000 00783nam a2200229 a 4500
005 20180803165326.0
008 160118b2016 xxu||||gr|||| 00| 0 spa d
040 _aCO-BoIAVH
_cCO-BoIAVH
041 _aeng
082 4 _a333.95
_bG87t
090 _aLB
_b05148
100 1 _aGross, Tony
245 1 _aGuide to understanding and participating effectively in the eighth conference of the parties to the convention on biological diversity (COP8)
260 _aKuala Lumpur
_bUnited Nations University
_c2006
300 _a69 paginas.
_c25 x 17 cm.
650 6 _aBiodiversidad
650 6 _a recursos biológicos
650 _aObligaciones biologicas
700 1 _aJohnston, Sam
700 1 _aBarber, Charles Victor
942 _cLIBRO
_2ddc
999 _c5960
_d5960